书目信息 |
| 题名: |
护理专业英语
|
|
| 作者: | 刘欢 主编 | |
| 分册: | ||
| 出版信息: | 北京 科学技术文献出版社 2016.01 |
|
| 页数: | 136页 | |
| 开本: | 29cm | |
| 丛书名: | ||
| 单 册: | ||
| 中图分类: | R47 , H31 | |
| 科图分类: | ||
| 主题词: | 英语--英语--高等教育--教材 | |
| 电子资源: | ||
| ISBN: | 978-7-5189-0994-0 | |
| 000 | 00837nam0 2200241 450 | |
| 001 | 5327 | |
| 005 | 20181015133411.57 | |
| 010 | @a978-7-5189-0994-0@dCNY36.00 | |
| 100 | @a20160615d2016 em y0chiy50 ea | |
| 101 | 0 | @achi@aeng |
| 102 | @aCN@b110000 | |
| 105 | @aa z 000yy | |
| 200 | 1 | @a护理专业英语@9hu li zhuan ye ying yu@f刘欢主编 |
| 210 | @a北京@c科学技术文献出版社@d2016.01 | |
| 215 | @a136页@c图@d29cm | |
| 300 | @a“十三五”普通高等教育规划精品教材 | |
| 330 | @a本书分为上、中、下三篇,共计19个单元。上篇主要对护理学的背景做简单介绍。中篇以医院中各科室为主线,划分12个单元。下篇主要介绍各种护理操作技能和护理程序,共计12个单元。 | |
| 606 | 0 | @a英语@x英语@x高等教育@j教材 |
| 690 | @aR47@v5 | |
| 690 | @aH31@v4 | |
| 701 | 0 | @a刘欢@9liu huan@c(护理)@4主编 |
| 801 | 0 | @aCN@b91MARC@c20161118 |
| 905 | @aMuseLib@dH31@e1701 | |
| 护理专业英语/刘欢主编.-北京:科学技术文献出版社,2016.01 |
| 136页:图;29cm |
| “十三五”普通高等教育规划精品教材 |
| ISBN 978-7-5189-0994-0:CNY36.00 |
| 本书分为上、中、下三篇,共计19个单元。上篇主要对护理学的背景做简单介绍。中篇以医院中各科室为主线,划分12个单元。下篇主要介绍各种护理操作技能和护理程序,共计12个单元。 |
| ● |
| 相关链接 |
|
|
|
|
正题名:护理专业英语
索取号:H31/1701
 
预约/预借
| 序号 | 登录号 | 条形码 | 馆藏地/架位号 | 状态 | 备注 |
| 1 | 1129180 | 211291804 | 第二样本阅览室/ [索取号:H31/1701] | 在馆 | |
| 2 | 1129181 | 211291813 | 第四借阅区/ [索取号:H31/1701] | 在馆 | |
| 3 | 1129182 | 211291822 | 第四借阅区/ [索取号:H31/1701] | 在馆 | |
| 4 | 1129183 | 211291831 | 第四借阅区/ [索取号:H31/1701] | 在馆 | |
| 5 | 1129184 | 211291840 | 密集书库—外国语学院/ [索取号:H31/1701] | 在馆 |